000 00503nam a2200181Ia 4500
003 IN-BaIIA
008 211028s9999 xx 000 0 eng d
020 _a0-582-32237-5
040 _cIIA Library
080 _a531
_bHUM
100 _aHumphrey, D
_914064
245 0 _aIntermediate mechanics
_bvol. 1
_cD. Humphrey
260 _aEngland
_bLongmans
_c1982
300 _aviii, 536p.
650 _aDynamics
_91519
650 _aNASA Thesaurus
942 _cBK
999 _c8389
_d8389